Spotify - top 10 najczęściej słuchane utwory w Polsce 2022 - Statystyki

Ogólne statystyki
  • Ten quiz został rozwiązany 28 razy
  • Średni wynik to 3 z 10
Statystyki odpowiedzi
Miejsce Utwór % Poprawnych
1. SB Maffija, White 2115, Białas, Kinny Zimmer, Bedoes 2115, Pedro - Lawenda
58%
5. Mata, Trooh Hippi - Szafir
50%
9. Oki, Nolyrics Beats - Jeżyk!
50%
6. Oki, Nolyrics Beats - Jakie To Uczucie?
38%
8. White 2115 - RiRi
35%
3. Malik Montana, DaChoyce, SRNO - Jetlag (feat. The Plug)
27%
2. Mr. Polska, Abel De Jong - Złote Tarasy
27%
10. Harry Styles - As It Was
12%
4. sanah, Dawid Podsiadło - ostatnia nadzieja
12%
7. sanah, Kwiat Jabłoni - Szary świat
4%
Nie znaleziono quizów pasujących do podanych kryteriów
Rozkład punktacji
Procent ludzi z każdym wynikiem
Percentyl według liczby udzielonych odpowiedzi
Twoja historia wyników
Nie rozwiązałeś tego quizu